| 000 | 00504nam a2200181Ia 4500 | ||
|---|---|---|---|
| 003 | GCL | ||
| 008 | 140319s9999 xx 000 0 eng d | ||
| 040 |
_aGCL / _cGCL |
||
| 082 | 0 | 4 |
_a658.562 _bL I |
| 100 | 1 | _aLOMPRECHT, JAMES L. | |
| 245 | 1 | 0 |
_aISO 9000: PREPARING FOR REGISTERATION / _cLOMPRECHT, JAMES L. |
| 260 |
_a[S.N] : _bMARGO VEILLON ET CLAUDE ، _c1992 |
||
| 300 | _a236 P | ||
| 650 | 0 | 4 | _aMANAGEMENT |
| 650 | 0 | 4 | _aQUALITY CONTROL STANDARDS |
| 650 | 0 | 4 | _aQUALITY ASSURANCE |
| 942 |
_2ddc _cBK |
||
| 999 |
_c18673 _d18673 |
||